Catálogo
 En Linea

Paz con dignidad / (Registro nro. 25110)

Detalles MARC
000 -CABECERA
campo de control de longitud fija 00622nam a2200169 a 4500
001 - NÚMERO DE CONTROL
campo de control 000025618
005 - FECHA Y HORA DE LA ÚLTIMA TRANSACCIÓN
campo de control 20200930023923.0
008 - DATOS DE LONGITUD FIJA--INFORMACIÓN GENERAL
campo de control de longitud fija 110216s1997 xxub r 000 j spa d
040 ## - FUENTE DE LA CATALOGACIÓN
Centro catalogador/agencia de origen DO-SdBNP
Lengua de catalogación spa
Centro/agencia transcriptor BNPHU
091 ## - LOCALIZACIÓN DE MICROFILM EN ESTANTERÍA (AM) [OBSOLETO]
Localización de microfilm en estantería xxx
-- C965p
049 ## - FONDOS LOCALES (OCLC)
Fondos de biblioteca BNGR
110 ## - ENTRADA PRINCIPAL--NOMBRE DE ENTIDAD CORPORATIVA
Nombre de entidad corporativa o nombre de jurisdicción como elemento de entrada Ecuador.
Unidad subordinada Ministerio de Relaciones Exteriores.
9 (RLIN) 52310
245 10 - MENCIÓN DE TÍTULO
Título Paz con dignidad /
Mención de responsabilidad, etc. Ecuador. Ministerio de Relaciones Exteriores.
260 ## - PUBLICACIÓN, DISTRIBUCIÓN, ETC.
Lugar de publicación, distribución, etc. Quito :
Nombre del editor, distribuidor, etc. Ministerio de Relaciones Exteriores :
-- Fundación Dr. Cristobal Hurtado Matta,
Fecha de publicación, distribución, etc. 1997.
300 ## - DESCRIPCIÓN FÍSICA
Extensión v. :
Otras características físicas mapas ;
Dimensiones 22 cm.
505 ## - NOTA DE CONTENIDO CON FORMATO
Información miscelánea t.1
Título Documentos del problema territorial ecuatoriano-Peruano
Existencias
Estado de retiro Estado de pérdida Restricciones de uso No para préstamo Código de colección Localización permanente Ubicación/localización actual Ubicación en estantería Fecha de adquisición Número de inventario Total de préstamos Signatura topográfica completa Código de barras Fecha visto por última vez Precio válido a partir de Tipo de ítem Koha
      Excluido de préstamo Monografías: Libros y Folletos General General En catalogación 18.02.2011 LF1   t.1 25618-10 25.06.2020 25.06.2020 No se presta

Con tecnología Koha